| 000 | 00597nam a22001937a 4500 | ||
|---|---|---|---|
| 999 |
_c14024 _d14024 |
||
| 003 | MIRAKIL | ||
| 005 | 20200911145919.0 | ||
| 008 | 200911b tu ||||| |||| 00| 0 tur d | ||
| 040 |
_aTR-AnCHP _btur _cTR-AnCHP |
||
| 082 |
_aATA 956.1023 _bA12b 1998 |
||
| 100 | 1 | _aAbalıoğlu, Yunus Nadi | |
| 245 |
_aBirinci Büyük Millet Meclisi/ _cYunus Nadi. |
||
| 260 |
_aİstanbul: _bYenigün Haber Ajansı, _c1998. |
||
| 300 |
_a127 s.: _c18 sm. |
||
| 600 |
_aAbalıoğlu, Yunus Nadi _d1879-1945 _xAnılar |
||
| 600 |
_aAtatürk, Mustafa Kemal _d1881-1938 _xAnılar |
||
| 650 |
_aTBMM _xTarih |
||
| 942 | _cBKS | ||